|
|
|
|
| LEADER |
00000cam a2200000 7i4500 |
| 001 |
0000130607 |
| 005 |
20190212.0 |
| 008 |
190212s2018 my a j 000 1 bm |
| 020 |
|
|
|a 9789670681504
|
| 040 |
|
|
|a PERPUSTAM
|b eng
|c PERPUSTAM
|e rda
|
| 090 |
0 |
0 |
|a JF
|b HMA
|
| 100 |
0 |
|
|a Hamdan Mohd Ali ,
|e author
|
| 245 |
1 |
0 |
|a Penunggu Lorong Sunyi
|c Hamdan Mohd Ali
|
| 264 |
|
1 |
|a Bukit Katil,Melaka :
|b PUSTAKA ILHAM MAJU
|c 2018
|
| 300 |
|
|
|a 32 pages :
|b color illustrations ;
|c 26 cm.
|
| 336 |
|
|
|a text, rdacontent
|
| 337 |
|
|
|a unmediated
|2 rdamedia
|
| 338 |
|
|
|a volume
|2 rdacarrier
|
| 490 |
1 |
|
|a Siri pengajaran dari Alam Mistik
|
| 650 |
1 |
0 |
|a Malaysian fiction, Malay
|
| 650 |
2 |
0 |
|a Ghost stories, Malay
|
| 830 |
|
0 |
|a Siri pengajaran dari alam mistik
|
| 999 |
|
|
|a 0000543345
|b Buku
|c Koleksi Pinjaman Kanak-Kanak
|e Perbadanan Perpustakaan Awam Melaka
|
| 999 |
|
|
|a 0000543346
|b Buku
|c Koleksi Pinjaman Kanak-Kanak
|e Perpustakaan Cawangan Jasin
|
| 999 |
|
|
|a 0000543347
|b Buku
|c Koleksi Pinjaman Kanak-Kanak
|e Perpustakaan Cawangan Masjid Tanah
|
| 999 |
|
|
|a 0000543348
|b Buku
|c Koleksi Pinjaman Kanak-Kanak
|e Perpustakaan Cawangan Merlimau
|
| 999 |
|
|
|a 0000543349
|b Buku
|c Koleksi Pinjaman Kanak-Kanak
|e Perbadanan Perpustakaan Awam Melaka
|
| 999 |
|
|
|a 0000543350
|b Buku
|c Koleksi Melaka
|e Perbadanan Perpustakaan Awam Melaka
|
| 999 |
|
|
|a 0000543351
|b Buku
|c Koleksi Pinjaman Kanak-Kanak
|e PK Aeon Jaya Jusco
|
| 999 |
|
|
|a 0000543352
|b Buku
|c Koleksi Pinjaman Kanak-Kanak
|e PK Melaka Mall
|
| 999 |
|
|
|a 0000543353
|b Buku
|c Koleksi Pinjaman Kanak-Kanak
|e Perbadanan Perpustakaan Awam Melaka
|
| 999 |
|
|
|a 0000543354
|b Buku
|c Koleksi Pinjaman Kanak-Kanak
|e Perbadanan Perpustakaan Awam Melaka
|
| 999 |
|
|
|a 0000543355
|b Buku
|c Koleksi Pinjaman Kanak-Kanak
|e Perpustakaan Komuniti UTC Melaka
|
| 999 |
|
|
|a 0000543356
|b Buku
|c Koleksi Pinjaman Kanak-Kanak
|e Perbadanan Perpustakaan Awam Melaka
|
| 999 |
|
|
|a 0000543357
|b Buku
|c Koleksi Pinjaman Kanak-Kanak
|e PERPUSTAKAAN PENJARA SUNGAI UDANG
|
| 999 |
|
|
|a 0000543358
|b Buku
|c Koleksi Pinjaman Kanak-Kanak
|e Perbadanan Perpustakaan Awam Melaka
|
| 999 |
|
|
|a 0000543359
|b Buku
|c Koleksi Pinjaman Kanak-Kanak
|e Perbadanan Perpustakaan Awam Melaka
|
| 999 |
|
|
|a 0000543360
|b Buku
|c Koleksi Pinjaman Kanak-Kanak
|e Perbadanan Perpustakaan Awam Melaka
|
| 999 |
|
|
|a 0000543361
|b Buku
|c Koleksi Pinjaman Kanak-Kanak
|e Perbadanan Perpustakaan Awam Melaka
|
| 999 |
|
|
|a 0000543362
|b Buku
|c Koleksi Pinjaman Kanak-Kanak
|e Perbadanan Perpustakaan Awam Melaka
|
| 999 |
|
|
|a 0000543363
|b Buku
|c Koleksi Pinjaman Kanak-Kanak
|e Perbadanan Perpustakaan Awam Melaka
|
| 999 |
|
|
|a 0000543364
|b Buku
|c Koleksi Pinjaman Kanak-Kanak
|e Perpustakaan Desa Asahan
|
| 999 |
|
|
|a 0000543365
|b Buku
|c Koleksi Pinjaman Kanak-Kanak
|e Perpustkaan Desa Lubuk China
|